000 00448nam a2200181Ia 4500
008 100917s9999 xx 000 0 und d
082 _b24654
100 _aगाडगीळ बाळ
245 _aफिरकी
260 _bमेनका प्रकाशन
_c1975
300 _a147
365 _b10
520 _aकथा
630 _aफिरकी
650 _aकथा
730 _aफिरकी
942 _cBOOK
999 _c630048
_d630045